Arrive alive : how to deep drunk and drugged drivers off the road

Na minha lista:
Detalhes bibliográficos
Autor principal: Mann, Peggy
Formato: Livro
Idioma:inglês
Publicado em: Mc Graw Hill. c1985.
Assuntos:
Tags: Adicionar Tag
Sem tags, seja o primeiro a adicionar uma tag!

MARC

LEADER 00000nam a22000005a 4500
001 3515
003 CL-ChBUA
005 20120815102829.0
008 070301s1985 xxu 000 0 eng
020 |a 0070399085 
040 |a CL-ChBUA  |c CL-ChBUA 
082 0 0 |a 363.12 
090 |c 3515  |d 3515 
100 1 |a Mann, Peggy. 
245 1 0 |a Arrive alive :  |b how to deep drunk and drugged drivers off the road 
260 |b Mc Graw Hill.  |c c1985. 
300 |a xiv, 497 p.  |c 21 cm. 
504 |a Glosario,apéndice; índice. 
650 4 |a ACCIDENTES AUTOMOVILISTICOS. 
650 4 |a ALCOHOLISMO-ACCIDENTES. 
942 |c LIB 
952 |0 0  |1 0  |4 0  |7 0  |9 5218  |a UNACH  |b UNACH  |c 300  |d 2007-03-05  |i 25.403.  |l 0  |o 363.12 / M 281.  |p 6217  |r 2012-12-27 00:00:00  |u 5218  |w 2012-08-08  |y LIB  |k 363.12 / M 281. 
999 |c 3515  |d 3515